Dřeviny zámeckých parků Severočeského kraje /

Hlavní autor: Hieke, Karel, 1930-2011
Jazyk: Čeština
Vydáno: Průhonice : Výzkum. ústav okrasného zahradnictví, 1973
Edice: Acta Průhoniciana
Fyzický popis: 124, [1] s. : [12] s. příl. ; 8°
Language note: V příl. rus., angl. a něm. souhrn
Knihy
Uloženo v:
LEADER 01032nam a22002892a 4500
001 000413917
003 CZ BrMZK
005 20080919081011.0
008 990305s1973 xr af f cze d
015 |a cnb000462794 
035 |a (OCoLC)42094872 
040 |a ABA001  |b cze  |c OLA001  |d ABA001 
080 9 |a 634.0.915:712(437.15) 
100 1 |a Hieke, Karel,  |d 1930-2011  |7 jk01041026  |4 aut 
245 1 0 |a Dřeviny zámeckých parků Severočeského kraje /  |c K. Hieke 
260 |a Průhonice :  |b Výzkum. ústav okrasného zahradnictví,  |c 1973 
300 |a 124, [1] s. :  |b [12] s. příl. ;  |c 8° 
490 1 |a Acta Průhoniciana ;  |v 1973, 28 
504 |a Obsahuje bibliografii 
500 |a Přehledy dřevin a lokalit 
500 |a S obr. a fot. v textu 
546 |a V příl. rus., angl. a něm. souhrn 
830 0 |a Acta Průhoniciana  |0 s 
910 |a BOA001  |b 04317-0955.270 
990 |a BK 
991 |b 200709 
996 6 |b 2619792522  |c 04317-0955.270  |d 1973 28  |v 28  |y 1973  |l MZK  |r Sklad / do 1 hodiny  |n 0  |w 000194949  |u 000810  |a 1  |e BOA001  |j MZK50  |s P